[Event "ITA-chT Final 55th"]
[Site "Vasto"]
[Date "2024.04.13"]
[Round "2.10"]
[White "Loiacono, Leonardo"]
[Black "Iturrizaga Bonelli, Eduardo"]
[Result "0-1"]
[WhiteElo "2309"]
[BlackElo "2589"]
[PlyCount "64"]
[EventDate "2024.04.13"]
[EventType "team-k.o."]
[EventRounds "2"]
[EventCountry "ITA"]
[SourceTitle "CB16_2024"]
[SourceDate "2024.04.17"]
[SourceVersion "1"]
[SourceVersionDate "2024.04.17"]
[SourceQuality "1"]
[WhiteTeam "Le Due Torri"]
[BlackTeam "Palermitano CPS"]
[WhiteTeamCountry "ITA"]
[BlackTeamCountry "ITA"]

1. e4 c5 2. Nf3 e6 3. d4 cxd4 4. Nxd4 a6 5. c4 Nf6 6. Nc3 Bb4 7. Qd3 d6 8. Nc2 Bxc3+ 9. Qxc3 0-0 10. Bd3 b5 11. cxb5 axb5 12. f3 Bb7 13. Be3 Nc6 14. 0-0 Rc8 15. Qb3 d5 16. exd5 Nxd5 17. Rfd1 Na5 18. Qa3 Nc4 19. Bxc4 Rxc4 20. Nb4 Qf6 21. Nxd5 Bxd5 22. b3 Rc2 23. Bf2 Qg5 24. Kf1 h6 25. Qb4 Rfc8 26. Qe1 R8c3 27. Bg3 Bxf3 28. gxf3 Rxf3+ 29. Kg1 Re3 30. Qf2 Rxf2 31. Kxf2 Rc3 32. a4 Qe3+ 0-1

[Event "ITA-chT GpB 55th"]
[Site "Vasto"]
[Date "2024.04.08"]
[Round "1.10"]
[White "Seresin, Francesco"]
[Black "Loiacono, Leonardo"]
[Result "1/2-1/2"]
[WhiteElo "2336"]
[BlackElo "2309"]
[PlyCount "69"]
[EventDate "2024.04.08"]
[EventType "team-tourn"]
[EventRounds "7"]
[EventCountry "ITA"]
[SourceTitle "CB16_2024"]
[SourceDate "2024.04.17"]
[SourceVersion "1"]
[SourceVersionDate "2024.04.17"]
[SourceQuality "1"]
[WhiteTeam "Milan Accademia"]
[BlackTeam "Le Due Torri"]
[WhiteTeamCountry "ITA"]
[BlackTeamCountry "ITA"]

1. c4 e5 2. Nc3 Nf6 3. Nf3 Nc6 4. e4 Bb4 5. d3 d6 6. Be2 a5 7. 0-0 Bg4 8. h3 Bxf3 9. Bxf3 Bc5 10. Kh1 Nd4 11. Be2 Nd7 12. Bg4 0-0 13. Be3 Kh8 14. Ne2 Nxe2 15. Qxe2 Nb8 16. g3 Nc6 17. Kg2 a4 18. a3 Qe8 19. Rab1 Nd4 20. Qd2 b5 21. Qc3 Ra7 22. Rfc1 Qc6 23. cxb5 Qxb5 24. Qc4 Qxc4 25. Rxc4 Rb8 26. Bd1 Bxa3 27. Bxd4 exd4 28. Bxa4 c5 29. b3 Bb4 30. Rb2 Rb6 31. Re2 Kg8 32. Rcc2 Kf8 33. h4 Ke7 34. Ra2 Bc3 35. Kf3 1/2-1/2

[Event "Parma City of Culture op 4th"]
[Site "Parma"]
[Date "2024.01.07"]
[Round "6"]
[White "Basso, Pier Luigi"]
[Black "Loiacono, Leonardo"]
[Result "1-0"]
[WhiteElo "2482"]
[BlackElo "2327"]
[PlyCount "57"]
[EventDate "2024.01.05"]
[EventType "swiss"]
[EventRounds "6"]
[EventCountry "ITA"]
[SourceTitle "CB02_2024"]
[SourceDate "2024.01.10"]
[SourceVersion "1"]
[SourceVersionDate "2024.01.10"]
[SourceQuality "1"]

1. d4 e6 2. c4 Bb4+ 3. Bd2 Bxd2+ 4. Qxd2 Nf6 5. Nf3 d6 6. Nc3 0-0 7. g3 b6 8. Bg2 Bb7 9. d5 exd5 10. cxd5 Nbd7 11. 0-0 Nc5 12. Nd4 a5 13. e4 Ba6 14. Rfe1 Nd3 15. Red1 Re8 16. h3 Nc5 17. Qc2 b5 18. Nc6 Qd7 19. a3 b4 20. axb4 axb4 21. Nxb4 Bc4 22. Rxa8 Rxa8 23. Qd2 Qe8 24. Nc6 Bb3 25. Re1 Nfd7 26. Nb5 Rc8 27. e5 Nxe5 28. f4 Ba4 29. fxe5 1-0

[Event "Lagos op 1st"]
[Site "Lagos"]
[Date "2023.11.02"]
[Round "7"]
[White "Loiacono, Leonardo"]
[Black "Cumming, Rhys"]
[Result "1-0"]
[WhiteElo "2289"]
[BlackElo "2298"]
[PlyCount "109"]
[EventDate "2023.10.28"]
[EventType "swiss"]
[EventRounds "9"]
[EventCountry "POR"]
[SourceTitle "Mega2024 Update 01"]
[Source "Chessbase"]
[SourceDate "2023.11.12"]
[SourceVersion "1"]
[SourceVersionDate "2023.11.12"]
[SourceQuality "1"]

1. e4 e5 2. Nf3 Nc6 3. Bc4 Nf6 4. d3 h6 5. h3 Bc5 6. 0-0 d6 7. c3 Bb6 8. a4 a5 9. Nbd2 g5 10. Bb3 g4 11. hxg4 Bxg4 12. Nc4 Nh7 13. Nxb6 cxb6 14. Qe2 Qf6 15. Qe3 Bxf3 16. Qxf3 Qxf3 17. gxf3 Ke7 18. Rd1 Rag8+ 19. Kf1 Ng5 20. Ke2 h5 21. Rh1 h4 22. Be3 h3 23. Rag1 Ne6 24. Rxg8 Rxg8 25. Rxh3 Rg1 26. Kd2 Nc5 27. Kc2 Nd8 28. f4 exf4 29. Bxf4 Nxb3 30. Kxb3 Ne6 31. Be3 Nc5+ 32. Bxc5 bxc5 33. Kc4 Rb1 34. b3 Rf1 35. Rf3 Ke6 36. d4 cxd4 37. cxd4 Re1 38. Re3 Rd1 39. Rd3 Re1 40. f3 d5+ 41. exd5+ Kd6 42. Kb5 Kxd5 43. Kxa5 Re6 44. Kb5 f5 45. b4 f4 46. Rd1 Re3 47. Kb6 Rxf3 48. Rb1 Rg3 49. Kxb7 f3 50. b5 Kxd4 51. b6 Kc5 52. a5 f2 53. Rf1 Kb5 54. Ka7 Kxa5 55. b7 1-0

[Event "Lagos op 1st"]
[Site "Lagos"]
[Date "2023.10.30"]
[Round "4"]
[White "Safarli, Eltaj"]
[Black "Loiacono, Leonardo"]
[Result "1-0"]
[WhiteElo "2612"]
[BlackElo "2289"]
[PlyCount "142"]
[EventDate "2023.10.28"]
[EventType "swiss"]
[EventRounds "9"]
[EventCountry "POR"]
[SourceTitle "Mega2024 Update 01"]
[Source "Chessbase"]
[SourceDate "2023.11.12"]
[SourceVersion "1"]
[SourceVersionDate "2023.11.12"]
[SourceQuality "1"]

1. e4 d6 2. d4 Nf6 3. Nc3 e5 4. Nf3 Nbd7 5. Bc4 Be7 6. a4 0-0 7. a5 c6 8. 0-0 Rb8 9. Re1 b5 10. axb6 axb6 11. Bd3 b5 12. Ne2 Re8 13. Ng3 Bf8 14. c3 c5 15. Nf5 c4 16. Bc2 Bb7 17. dxe5 dxe5 18. Nd6 Bxd6 19. Qxd6 Ra8 20. Rxa8 Qxa8 21. Nh4 Re6 22. Qb4 Bc6 23. Nf5 Qf8 24. Qxf8+ Nxf8 25. f3 g6 26. Ne3 Rd6 27. b3 cxb3 28. Bxb3 Rd3 29. Bc2 Rxc3 30. Bb2 Rc5 31. Ba3 b4 32. Bxb4 Rb5 33. Be7 N6d7 34. Rd1 Rb2 35. Ba3 Ra2 36. Bd6 Rb2 37. Rc1 Bb5 38. Ng4 Ne6 39. Kh1 Nf4 40. Nf6+ Nxf6 41. Bxe5 Rb4 42. Bxf6 Rc4 43. Ra1 Rc8 44. Bb3 Bd7 45. h4 Be6 46. Bd1 h6 47. Kh2 Nh5 48. Be5 f6 49. Bb2 Rb8 50. Bc3 Rc8 51. Ra3 Rd8 52. Be2 Rd7 53. Bb5 Rb7 54. Bc6 Rc7 55. Ra6 Bc8 56. Rb6 Kg7 57. Bb4 Bd7 58. Bd5 Nf4 59. Bf8+ Kxf8 60. Rxf6+ Ke7 61. Rf7+ Kd6 62. Rxf4 Be8 63. Rf6+ Ke7 64. Re6+ Kf8 65. h5 g5 66. g4 Rc2+ 67. Kg3 Bb5 68. Rxh6 Bf1 69. f4 Rc3+ 70. Kf2 Bh3 71. Rf6+ Ke7 1-0

[Event "Isola del Sole op"]
[Site "Grado"]
[Date "2023.09.24"]
[Round "3"]
[White "Ceres, Dragos"]
[Black "Loiacono, Leonardo"]
[Result "1/2-1/2"]
[WhiteElo "2453"]
[BlackElo "2282"]
[PlyCount "41"]
[EventDate "2023.09.23"]
[EventType "swiss"]
[EventRounds "9"]
[EventCountry "ITA"]
[SourceTitle "EXT 2024"]
[Source "ChessBase"]
[SourceDate "2023.10.10"]
[SourceVersion "1"]
[SourceVersionDate "2023.10.10"]
[SourceQuality "1"]

1. e4 e6 2. d4 d5 3. Nc3 dxe4 4. Nxe4 Nd7 5. Be3 Ngf6 6. Nxf6+ Nxf6 7. Nf3 Bd6 8. Bd3 0-0 9. Qe2 b6 10. 0-0-0 Bb7 11. Rhe1 Nd5 12. Kb1 Nf4 13. Bxf4 Bxf4 14. g3 Bd6 15. h4 h6 16. Be4 Bxe4 17. Qxe4 Qf6 18. Rd3 Rad8 19. Qe2 c5 20. g4 Bf4 21. Red1 1/2-1/2

[Event "Isola del Sole op"]
[Site "Grado"]
[Date "2023.09.23"]
[Round "1"]
[White "Valkova, Angelika"]
[Black "Loiacono, Leonardo"]
[Result "0-1"]
[WhiteElo "2048"]
[BlackElo "2282"]
[PlyCount "60"]
[EventDate "2023.09.23"]
[EventType "swiss"]
[EventRounds "9"]
[EventCountry "ITA"]
[SourceTitle "EXT 2024"]
[Source "ChessBase"]
[SourceDate "2023.10.10"]
[SourceVersion "1"]
[SourceVersionDate "2023.10.10"]
[SourceQuality "1"]

1. d4 Nf6 2. c4 c5 3. d5 a6 4. a4 e5 5. Nc3 d6 6. e4 g6 7. Be2 Bg7 8. Be3 h5 9. Bg5 Bh6 10. Nh3 Bxg5 11. Nxg5 h4 12. g3 hxg3 13. fxg3 Nh5 14. Bxh5 Qxg5 15. Bf3 Nd7 16. Qd2 Qxd2+ 17. Kxd2 f5 18. h4 Nf6 19. Raf1 Ke7 20. Rb1 a5 21. Rbf1 Bd7 22. b3 Raf8 23. Ke2 Rhg8 24. Rfg1 Rf7 25. Rh2 Rgf8 26. Rgg2 fxe4 27. Nxe4 Ng4 28. Ng5 Nxh2 29. Rxh2 Rxf3 30. Nxf3 Bg4 0-1

[Event "Trieste op 25th"]
[Site "Trieste"]
[Date "2023.09.08"]
[Round "9"]
[White "Wachinger, Nikolas"]
[Black "Loiacono, Leonardo"]
[Result "1/2-1/2"]
[WhiteElo "2428"]
[BlackElo "2282"]
[PlyCount "102"]
[EventDate "2023.09.02"]
[EventType "swiss"]
[EventRounds "9"]
[EventCountry "ITA"]
[SourceTitle "EXT 2024"]
[Source "ChessBase"]
[SourceDate "2023.10.10"]
[SourceVersion "1"]
[SourceVersionDate "2023.10.10"]
[SourceQuality "1"]

1. e4 e6 2. d4 d5 3. Nc3 dxe4 4. Nxe4 Nd7 5. Bd3 Ngf6 6. Qe2 c5 7. Nxf6+ Nxf6 8. dxc5 Bxc5 9. Bd2 Qe7 10. Nf3 a6 11. 0-0-0 b5 12. Bg5 Rb8 13. Ne5 Rb6 14. Be4 Qc7 15. Rhe1 Bd6 16. Bf3 Bb7 17. Bxb7 Rxb7 18. Nxf7 Bf4+ 19. Kb1 Kxf7 20. Qxe6+ Kg6 21. Bxf6 gxf6 22. Rd4 Rc8 23. Qe4+ Kf7 24. Qxf4 Qxc2+ 25. Ka1 Rc4 26. a3 Rbc7 27. Qe3 Rxd4 28. Qxd4 h5 29. Qd5+ Kg6 30. f4 Qc4 31. Qf3 b4 32. f5+ Kh6 33. Qe3+ Kh7 34. Qe8 Qg4 35. Re7+ Rxe7 36. Qxe7+ Kg8 37. Qe8+ Kg7 38. Qe7+ Kg8 39. Qxb4 Qxg2 40. Qb8+ Kh7 41. Qc7+ Kh6 42. Qf4+ Qg5 43. Qf1 Qg4 44. h3 Qe4 45. Qc1+ Kh7 46. Qc7+ Kh6 47. Qc1+ Kh7 48. Qf1 h4 49. Qxa6 Qh1+ 50. Ka2 Qd5+ 51. Ka1 Qh1+ 1/2-1/2

[Event "Rhodes Summer Cup"]
[Site "Rhodes"]
[Date "2023.08.21"]
[Round "1"]
[White "Chiras, Christos"]
[Black "Loiacono, Leonardo"]
[Result "0-1"]
[WhiteElo "1072"]
[BlackElo "2281"]
[PlyCount "70"]
[EventDate "2023.08.21"]
[EventType "swiss"]
[EventRounds "9"]
[EventCountry "GRE"]
[SourceTitle "CBM 215 Extra"]
[Source "ChessBase"]
[SourceDate "2023.09.30"]
[SourceVersion "1"]
[SourceVersionDate "2023.09.30"]
[SourceQuality "1"]

1. d4 b6 2. Nf3 Bb7 3. Nc3 e6 4. e4 Bb4 5. Bd2 Bxc3 6. Bxc3 Bxe4 7. Bd3 Nf6 8. Qe2 Bxd3 9. Qxd3 d5 10. 0-0 Nbd7 11. Bb4 c5 12. dxc5 bxc5 13. Ba3 0-0 14. Rfe1 Qc7 15. h3 e5 16. Qe2 Rfe8 17. Rad1 h6 18. b3 d4 19. Nd2 Rac8 20. Ne4 Nxe4 21. Qxe4 c4 22. Rc1 Nf6 23. Qe2 e4 24. Qxc4 Qxc4 25. bxc4 Rxc4 26. Bb2 Nd5 27. Red1 Nf4 28. Kf1 Ne6 29. Rd2 Rb8 30. Rb1 Rcb4 31. c3 dxc3 32. Re2 Rxb2 33. Rbxb2 cxb2 34. Re1 b1Q 35. Rxb1 Rxb1+ 0-1

[Event "Spilimbergo op 21st"]
[Site "Spilimbergo"]
[Date "2023.08.12"]
[Round "6"]
[White "Favaloro, Andrea"]
[Black "Loiacono, Leonardo"]
[Result "1/2-1/2"]
[WhiteElo "2412"]
[BlackElo "2281"]
[PlyCount "30"]
[EventDate "2023.08.09"]
[EventType "swiss"]
[EventRounds "9"]
[EventCountry "ITA"]
[SourceTitle "CBM 215 Extra"]
[Source "ChessBase"]
[SourceDate "2023.09.30"]
[SourceVersion "1"]
[SourceVersionDate "2023.09.30"]
[SourceQuality "1"]

1. Nf3 b6 2. g3 Bb7 3. Bg2 e5 4. 0-0 d6 5. d4 exd4 6. Nxd4 Bxg2 7. Kxg2 Nf6 8. c4 Qc8 9. Nc3 Qb7+ 10. e4 g6 11. Bg5 Bg7 12. f3 0-0 13. Qd2 Re8 14. Rac1 Nbd7 15. b3 a6 1/2-1/2

[Event "Zalakaros Barczay Memorial"]
[Site "Zalakaros"]
[Date "2023.06.06"]
[Round "4"]
[White "Dobai, Szabolcs"]
[Black "Loiacono, Leonardo"]
[Result "0-1"]
[WhiteElo "2116"]
[BlackElo "2301"]
[PlyCount "70"]
[EventDate "2023.06.03"]
[EventType "swiss"]
[EventRounds "9"]
[EventCountry "HUN"]
[SourceTitle "CBM 214 Extra"]
[Source "ChessBase"]
[SourceDate "2023.07.31"]
[SourceVersion "1"]
[SourceVersionDate "2023.07.31"]
[SourceQuality "1"]

1. Nf3 b6 2. e4 Bb7 3. Nc3 e6 4. d4 Bb4 5. Bd3 Nf6 6. Qe2 d5 7. exd5 Qxd5 8. Bd2 Qh5 9. Ne4 Bxd2+ 10. Nfxd2 Qxe2+ 11. Kxe2 Nd5 12. Bb5+ Nd7 13. f3 Ke7 14. g3 Rhd8 15. a3 Rac8 16. Rhd1 c6 17. Bd3 N5f6 18. Nxf6 gxf6 19. Nb3 h5 20. c4 c5 21. dxc5 Ne5 22. Be4 Ba6 23. Rxd8 Rxd8 24. Nd2 f5 25. f4 Rxd2+ 26. Kxd2 Nxc4+ 27. Kc3 fxe4 28. b3 Ne3 29. cxb6 axb6 30. Re1 Nd5+ 31. Kd4 Bd3 32. f5 Kd6 33. fxe6 fxe6 34. Rxe4 Bxe4 35. Kxe4 Nf6+ 0-1

[Event "Zalakaros Barczay Memorial"]
[Site "Zalakaros"]
[Date "2023.06.03"]
[Round "1"]
[White "Lancaric, Tomas"]
[Black "Loiacono, Leonardo"]
[Result "0-1"]
[WhiteElo "1879"]
[BlackElo "2301"]
[PlyCount "90"]
[EventDate "2023.06.03"]
[EventType "swiss"]
[EventRounds "9"]
[EventCountry "HUN"]
[SourceTitle "CBM 214 Extra"]
[Source "ChessBase"]
[SourceDate "2023.07.31"]
[SourceVersion "1"]
[SourceVersionDate "2023.07.31"]
[SourceQuality "1"]

1. d4 g6 2. Bf4 Bg7 3. e4 d6 4. Nc3 c6 5. Qd2 e5 6. dxe5 dxe5 7. Qxd8+ Kxd8 8. 0-0-0+ Ke7 9. Be3 Bh6 10. Bxh6 Nxh6 11. f3 Be6 12. Nge2 Nd7 13. Ng3 f6 14. Be2 Nf7 15. Nf1 b5 16. a3 a5 17. b3 Nc5 18. Kb2 h5 19. h4 f5 20. Bd3 Rad8 21. Ng3 f4 22. Nge2 Rdg8 23. g3 fxg3 24. Nxg3 Rf8 25. Be2 Rd8 26. Rhg1 Bc8 27. Nf1 Kf6 28. Ne3 Rxd1 29. Ncxd1 g5 30. hxg5+ Nxg5 31. Nf2 Nge6 32. Nd3 Nxd3+ 33. Bxd3 Nf4 34. a4 bxa4 35. bxa4 h4 36. Nf1 Be6 37. Nh2 Rd8 38. Ng4+ Bxg4 39. Rxg4 h3 40. Rh4 Kg5 41. Rh7 Nh5 42. Bf1 h2 43. Bg2 Rd2 44. Bh1 Rd1 45. Bg2 Rg1 0-1

[Event "Titled Tuesday intern op 23rd May Late"]
[Site "Chess.com INT"]
[Date "2023.05.23"]
[Round "7"]
[White "Arencibia Monduy, Antonio"]
[Black "Loiacono, Leonardo"]
[Result "0-1"]
[WhiteElo "2122"]
[BlackElo "2301"]
[PlyCount "120"]
[EventDate "2023.05.23"]
[EventType "swiss (blitz)"]
[EventRounds "11"]
[EventCountry "USA"]
[SourceTitle "EXT 2024"]
[Source "ChessBase"]
[SourceDate "2023.10.10"]
[SourceVersion "1"]
[SourceVersionDate "2023.10.10"]
[SourceQuality "1"]

1. e4 e5 2. Bc4 Nf6 3. d3 c6 4. Nf3 Be7 5. 0-0 d6 6. Bb3 0-0 7. c3 Nbd7 8. Re1 Nc5 9. Bc2 Bg4 10. Nbd2 Re8 11. h3 Bh5 12. Nf1 Bf8 13. Ng3 Bxf3 14. Qxf3 d5 15. Bg5 Ne6 16. Be3 g6 17. Rad1 Bg7 18. Bb3 a5 19. Bc2 a4 20. a3 d4 21. Bd2 dxc3 22. bxc3 Qd6 23. Ra1 Nd7 24. Be3 Ndc5 25. Red1 Nb3 26. Ra2 Rad8 27. Ne2 Qc7 28. Rb2 Nec5 29. d4 exd4 30. cxd4 Qe7 31. Rbb1 Nxe4 32. Bxb3 axb3 33. Rxb3 Nf6 34. Rdb1 Rd7 35. Nc3 Ne4 36. Nxe4 Qxe4 37. Qxe4 Rxe4 38. Rxb7 Rxb7 39. Rxb7 Bxd4 40. Bh6 Re1+ 41. Kh2 Re8 42. Kg3 Ra8 43. Rb3 c5 44. Be3 c4 45. Rb4 Bxe3 46. fxe3 Rxa3 47. Rxc4 Rxe3+ 48. Kf2 Re7 49. Rc2 Kg7 50. Kf3 h5 51. Rc3 Rb7 52. h4 Kf6 53. g3 Rb5 54. Rc6+ Kf5 55. Rc3 f6 56. Rd3 g5 57. hxg5 fxg5 58. Rc3 g4+ 59. Ke3 Kg5 60. Rb3 Rxb3+ 0-1

[Event "Titled Tuesday intern op 16th May Late"]
[Site "Chess.com INT"]
[Date "2023.05.16"]
[Round "3"]
[White "Kovalevsky, Stanislav"]
[Black "Loiacono, Leonardo"]
[Result "1/2-1/2"]
[WhiteElo "2237"]
[BlackElo "2301"]
[PlyCount "104"]
[EventDate "2023.05.16"]
[EventType "swiss (blitz)"]
[EventRounds "11"]
[EventCountry "USA"]
[SourceTitle "CBM 214 Extra"]
[Source "ChessBase"]
[SourceDate "2023.07.31"]
[SourceVersion "1"]
[SourceVersionDate "2023.07.31"]
[SourceQuality "1"]

1. c4 g6 2. Nc3 Bg7 3. g3 c5 4. Bg2 Nc6 5. a3 e6 6. Rb1 Nge7 7. h4 h6 8. d3 d6 9. Bd2 0-0 10. b4 Rb8 11. Nf3 b6 12. Qc1 Kh7 13. h5 g5 14. Bxg5 hxg5 15. Nxg5+ Kh8 16. h6 Bf6 17. Nce4 Bxg5 18. Qxg5 Ng6 19. Qh5 Nd4 20. bxc5 dxc5 21. Nxc5 Qf6 22. Ne4 Qf5 23. Qh2 Bb7 24. Nd6 Qa5+ 25. Kf1 Bxg2+ 26. Qxg2 Qe5 27. Ne4 f5 28. Rh5 Rbe8 29. e3 Nc6 30. Rb5 Qc7 31. Ng5 Nce5 32. h7 Ng4 33. Qh3 Nf6 34. Rh6 Qg7 35. Nxe6 Rxe6 36. Rxf5 Rfe8 37. Rg5 Nd7 38. Qh5 Nde5 39. f4 Nf7 40. Rhxg6 Rxg6 41. Rxg6 Qa1+ 42. Kg2 Qb2+ 43. Kh3 Qf2 44. Qh4 Qf1+ 45. Kg4 Qe2+ 46. Kf5 Qxd3+ 47. Kg4 Qe2+ 48. Kh3 Qf1+ 49. Kh2 Qf2+ 50. Kh3 Qf1+ 51. Kh2 Qf2+ 52. Kh3 Qf1+ 1/2-1/2

[Event "Titled Tuesday intern op 16th May Late"]
[Site "Chess.com INT"]
[Date "2023.05.16"]
[Round "8"]
[White "Krzyzanowski, Marcin"]
[Black "Loiacono, Leonardo"]
[Result "1-0"]
[WhiteElo "2512"]
[BlackElo "2301"]
[PlyCount "71"]
[EventDate "2023.05.16"]
[EventType "swiss (blitz)"]
[EventRounds "11"]
[EventCountry "USA"]
[SourceTitle "CBM 214 Extra"]
[Source "ChessBase"]
[SourceDate "2023.07.31"]
[SourceVersion "1"]
[SourceVersionDate "2023.07.31"]
[SourceQuality "1"]

1. e4 e5 2. Nf3 Nc6 3. Nc3 Nf6 4. h3 Bb4 5. Nd5 Bc5 6. Bc4 0-0 7. d3 h6 8. a4 d6 9. 0-0 a5 10. Be3 Nxd5 11. Bxc5 dxc5 12. exd5 Ne7 13. Nxe5 Nxd5 14. Qf3 Be6 15. Rfe1 c6 16. Re2 Re8 17. Rae1 Qf6 18. Qxf6 Nxf6 19. Bxe6 Rxe6 20. Nc4 Rxe2 21. Rxe2 b5 22. Ne5 Rc8 23. Re1 bxa4 24. Ra1 Rb8 25. Nc4 Nd5 26. Rxa4 Nb4 27. Ne3 Rb5 28. b3 Kf8 29. Kf1 Ke7 30. Ke1 Ke6 31. Kd2 f5 32. Nc4 g5 33. Nxa5 f4 34. Nc4 Nd5 35. Ra8 Kf5 36. Nd6+ 1-0

[Event "Titled Tuesday intern op 16th May Late"]
[Site "Chess.com INT"]
[Date "2023.05.16"]
[Round "1"]
[White "Loiacono, Leonardo"]
[Black "Shtivelband, Richard"]
[Result "1-0"]
[WhiteElo "2301"]
[BlackElo "2050"]
[PlyCount "81"]
[EventDate "2023.05.16"]
[EventType "swiss (blitz)"]
[EventRounds "11"]
[EventCountry "USA"]
[SourceTitle "CBM 214 Extra"]
[Source "ChessBase"]
[SourceDate "2023.07.31"]
[SourceVersion "1"]
[SourceVersionDate "2023.07.31"]
[SourceQuality "1"]

1. d4 Nf6 2. c4 e6 3. Nc3 Bb4 4. Qc2 d5 5. a3 Bxc3+ 6. Qxc3 0-0 7. Nf3 b6 8. cxd5 Qxd5 9. e3 Ba6 10. Bxa6 Nxa6 11. 0-0 c5 12. Rd1 Rac8 13. Qd3 c4 14. Qe2 b5 15. Bd2 Ne4 16. Bc3 Rfd8 17. Ne1 Nb8 18. f3 Nxc3 19. bxc3 a5 20. e4 Qd6 21. Nc2 Nc6 22. Rab1 Rb8 23. a4 bxa4 24. Qxc4 a3 25. Qa2 e5 26. Rxb8 Qxb8 27. Qxa3 exd4 28. cxd4 Qb6 29. Qc3 h5 30. Kh1 h4 31. h3 a4 32. d5 Ne7 33. Qa3 Ng6 34. Qxa4 Qf2 35. e5 Rb8 36. d6 Nxe5 37. Qe4 Ng6 38. d7 Kh7 39. d8Q Rxd8 40. Rxd8 f5 41. Qxf5 1-0

[Event "Titled Tuesday intern op 16th May Early"]
[Site "Chess.com INT"]
[Date "2023.05.16"]
[Round "3"]
[White "Loiacono, Leonardo"]
[Black "Tanmay, Jain"]
[Result "1/2-1/2"]
[WhiteElo "2301"]
[BlackElo "2132"]
[PlyCount "164"]
[EventDate "2023.05.16"]
[EventType "swiss (blitz)"]
[EventRounds "11"]
[EventCountry "USA"]
[SourceTitle "CBM 214 Extra"]
[Source "ChessBase"]
[SourceDate "2023.07.31"]
[SourceVersion "1"]
[SourceVersionDate "2023.07.31"]
[SourceQuality "1"]

1. d4 Nf6 2. c4 e6 3. Nc3 d5 4. Nf3 Be7 5. Bf4 0-0 6. e3 b6 7. Bd3 Bb7 8. cxd5 exd5 9. 0-0 c5 10. dxc5 Bxc5 11. Nb5 Nc6 12. a3 a6 13. Nbd4 Nxd4 14. Nxd4 Ne4 15. Rc1 Rc8 16. Qe2 Qf6 17. Nf3 b5 18. Be5 Qb6 19. Bd4 Bxd4 20. Nxd4 Qf6 21. Rfd1 Nc5 22. Bb1 Ne6 23. Rxc8 Rxc8 24. h3 Re8 25. Qg4 Bc8 26. Qf3 Qe5 27. Qf5 Nxd4 28. Qxh7+ Kf8 29. Rxd4 g6 30. Qh4 Be6 31. Qf4 Qxf4 32. exf4 Rc8 33. Rd1 Rc4 34. Ba2 Rc2 35. Bxd5 Bxd5 36. Rxd5 Rxb2 37. Rd6 a5 38. Ra6 a4 39. Rb6 Rb3 40. g3 Kg7 41. Kg2 Kf8 42. h4 Kg7 43. Kh3 Kf8 44. Kg4 Kg7 45. f5 gxf5+ 46. Kxf5 Rxa3 47. Rxb5 Rf3+ 48. Kg4 Rxf2 49. Ra5 Ra2 50. Ra6 Ra3 51. Kf4 Ra2 52. Kg5 Ra1 53. g4 a3 54. h5 a2 55. h6+ Kh7 56. Ra7 Kg8 57. Ra8+ Kh7 58. Ra6 Kg8 59. Ra7 Kf8 60. Ra8+ Ke7 61. h7 Rh1 62. Rxa2 Rxh7 63. Re2+ Kf8 64. Kf5 Rg7 65. Ra2 Rg6 66. g5 Kg7 67. Ra5 Re6 68. Re5 Rg6 69. Re7 Rc6 70. Rd7 Rg6 71. Kg4 Ra6 72. Kh5 Rg6 73. Rc7 Ra6 74. Rb7 Rg6 75. Ra7 Rc6 76. Rb7 Rc1 77. Rb6 Rh1+ 78. Kg4 Rg1+ 79. Kf5 Rf1+ 80. Kg4 Rg1+ 81. Kh5 Rh1+ 82. Kg4 Rg1+ 1/2-1/2

[Event "Titled Tuesday intern op 16th May Late"]
[Site "Chess.com INT"]
[Date "2023.05.16"]
[Round "6"]
[White "Yeritsyan, Hayk"]
[Black "Loiacono, Leonardo"]
[Result "0-1"]
[WhiteElo "2241"]
[BlackElo "2301"]
[PlyCount "72"]
[EventDate "2023.05.16"]
[EventType "swiss (blitz)"]
[EventRounds "11"]
[EventCountry "USA"]
[SourceTitle "CBM 214 Extra"]
[Source "ChessBase"]
[SourceDate "2023.07.31"]
[SourceVersion "1"]
[SourceVersionDate "2023.07.31"]
[SourceQuality "1"]

1. d4 d5 2. Nf3 c6 3. Bf4 Qb6 4. Qc1 Bf5 5. e3 e6 6. c4 Bxb1 7. Qxb1 Bb4+ 8. Kd1 dxc4 9. Bxc4 Nf6 10. a3 Be7 11. Ke2 a5 12. Rd1 Nbd7 13. Kf1 0-0 14. Kg1 c5 15. Ne5 cxd4 16. Nxd7 Nxd7 17. Rxd4 Rfd8 18. Bg3 Nc5 19. Rxd8+ Rxd8 20. Qc2 Bf6 21. Rb1 h5 22. h4 a4 23. Bf1 Qc6 24. Rc1 Nb3 25. Qxc6 bxc6 26. Rxc6 Bxb2 27. Ra6 Nc5 28. Ra5 Bxa3 29. Kh2 Rc8 30. Bb5 Bb4 31. Ra7 a3 32. Bd6 g6 33. Bxc5 Bxc5 34. Ra6 Rb8 35. Bd3 Rb2 36. Kg3 Kg7 0-1

[Event "Titled Tuesday intern op 09th May Early"]
[Site "Chess.com INT"]
[Date "2023.05.09"]
[Round "8"]
[White "Balla, Tamas Kristof"]
[Black "Loiacono, Leonardo"]
[Result "1-0"]
[WhiteElo "2303"]
[BlackElo "2301"]
[PlyCount "115"]
[EventDate "2023.05.09"]
[EventType "swiss (blitz)"]
[EventRounds "11"]
[EventCountry "USA"]
[SourceTitle "CBM 214 Extra"]
[Source "ChessBase"]
[SourceDate "2023.07.31"]
[SourceVersion "1"]
[SourceVersionDate "2023.07.31"]
[SourceQuality "1"]

1. e4 g6 2. d4 Bg7 3. Nc3 d6 4. f4 Nf6 5. Nf3 0-0 6. Bd3 Nc6 7. e5 dxe5 8. fxe5 Nh5 9. 0-0 Nxd4 10. Be3 Nxf3+ 11. Qxf3 Bxe5 12. Rad1 Qe8 13. Ne4 Bd7 14. Ng5 Bg7 15. Nxh7 Kxh7 16. Qxh5+ Kg8 17. Qh4 Bb5 18. Bh6 Rd8 19. Rf3 Bxd3 20. Rdxd3 Rxd3 21. Rxd3 Qb5 22. Bxg7 Kxg7 23. Rh3 Qc5+ 24. Kh1 Qxc2 25. Qh6+ Kf6 26. Rf3+ Ke6 27. h3 Qd1+ 28. Kh2 Qd6+ 29. Kh1 Rd8 30. Qg7 Kd7 31. Qxf7 Kc8 32. Qb3 Qd1+ 33. Kh2 Qxb3 34. Rxb3 Rd6 35. Kg3 b6 36. Kg4 Kd7 37. Kg5 c5 38. g4 c4 39. Rb4 Rc6 40. h4 a5 41. Rb5 Re6 42. h5 gxh5 43. gxh5 Kc6 44. Rf5 b5 45. h6 Re1 46. h7 Rh1 47. Kg6 Rxh7 48. Kxh7 b4 49. Rf3 e5 50. Kg6 e4 51. Re3 Kd5 52. Kf5 Kd4 53. Rxe4+ Kd3 54. Re5 c3 55. bxc3 bxc3 56. Rxa5 c2 57. Rc5 Kd2 58. a4 1-0